Central Library OPAC University of Rajshahi

The law of contracts in a nutshell / (Record no. 8575)

MARC details
000 -LEADER
fixed length control field 00699cam a2200241 4500
001 - CONTROL NUMBER
control field 8575
003 - CONTROL NUMBER IDENTIFIER
rucl marc code BD-RjUL
005 - DATE AND TIME OF LATEST TRANSACTION
control field 20211208234620.0
008 - FIXED-LENGTH DATA ELEMENTS--GENERAL INFORMATION
fixed length control field 140119r1966 enk 001 0 eng
035 ## - SYSTEM CONTROL NUMBER
System control number (BD-RjUL)8620
040 ## - CATALOGING SOURCE
Original cataloging agency DLC
Transcribing agency DLC
Modifying agency DLC
-- BD-RjUL
Language of cataloging eng
041 ## - LANGUAGE CODE
Language code of text/sound track or separate title eng
082 00 - DEWEY DECIMAL CLASSIFICATION NUMBER
Classification number 346.4202
Author mark and year REL 1966
100 1# - MAIN ENTRY--PERSONAL NAME
Personal name Rear, John.
9 (RLIN) 26722
245 14 - TITLE STATEMENT
Title The law of contracts in a nutshell /
Statement of responsibility, etc. John Rear
260 ## - PUBLICATION, DISTRIBUTION, ETC. (IMPRINT)
Place of publication, distribution, etc. London :
Name of publisher, distributor, etc. Sweet & Maxwell,
Date of publication, distribution, etc. c1963 [Reprinted1963, 1966].
300 ## - PHYSICAL DESCRIPTION
Pagination xii, 86 p. ;
Size 19 cm.
490 0# - SERIES STATEMENT
Series statement Nutshell series
504 ## - BIBLIOGRAPHY, ETC. NOTE
Bibliography, etc Includes index.
650 #0 - SUBJECT ADDED ENTRY--TOPICAL TERM
Topical term or geographic name as entry element Contracts
Geographic subdivision Great Britain
General subdivision Outlines, syllabi, etc.
9 (RLIN) 26723
942 ## - ADDED ENTRY ELEMENTS (KOHA)
Source of classification or shelving scheme Dewey Decimal Classification
Koha item type Books
Holdings
Lost status Source of classification or shelving scheme Damaged status Not for loan Collection code Permanent Location Current Location Shelving location Date acquired Source of acquisition Cost, normal purchase price Total Checkouts Full call number Date last seen Copy number Koha item type
  Dewey Decimal Classification   Not For Loan Non-fiction Central Library, University of Rajshahi Central Library, University of Rajshahi Reading Room 06/01/1968 Zeitlinger 10.60   346.4202 REL 1966 19/01/2014 C-1 Books
  Dewey Decimal Classification     Non-fiction Central Library, University of Rajshahi Central Library, University of Rajshahi   06/01/1968 Zeitlinger 10.60   346.4202 REL 1963 28/07/2016 C-2 Books
  Dewey Decimal Classification     Non-fiction Central Library, University of Rajshahi Central Library, University of Rajshahi   06/01/1968 Zeitlinger 10.60   346.4202 REL 1963 28/07/2016 C-3 Books
  Dewey Decimal Classification     Non-fiction Central Library, University of Rajshahi Central Library, University of Rajshahi   06/01/1968 Zeitlinger 10.60   346.4202 REL 1963 28/07/2016 C-4 Books
  Dewey Decimal Classification     Non-fiction Central Library, University of Rajshahi Central Library, University of Rajshahi   06/01/1968 Zeitlinger 10.60   346.4202 REL 1963 28/07/2016 C-5 Books
  Dewey Decimal Classification     Non-fiction Central Library, University of Rajshahi Central Library, University of Rajshahi   06/01/1968 Zeitlinger 10.60   346.4202 REL 1963 28/07/2016 C-6 Books
  Dewey Decimal Classification     Non-fiction Central Library, University of Rajshahi Central Library, University of Rajshahi   06/01/1968 Zeitlinger 10.60   346.4202 REL 1963 28/07/2016 C-7 Books
  Dewey Decimal Classification     Non-fiction Central Library, University of Rajshahi Central Library, University of Rajshahi   06/01/1968 Zeitlinger 10.60   346.4202 REL 1963 28/07/2016 C-8 Books
  Dewey Decimal Classification     Non-fiction Central Library, University of Rajshahi Central Library, University of Rajshahi   06/01/1968 Zeitlinger 10.60   346.4202 REL 1963 28/07/2016 C-9 Books
  Dewey Decimal Classification     Non-fiction Central Library, University of Rajshahi Central Library, University of Rajshahi   06/01/1968 Zeitlinger 10.60   346.4202 REL 1963 28/07/2016 C-10 Books